000 00507nam a22001817a 4500
003 OSt
005 20220107122830.0
008 170720b xxu||||| |||| 00| 0 eng d
040 _cIIITMK
100 _aAlda Agnes Gomary (93615018)
_912305
245 _aSmart vehicle history warehouse using blockchain
300 _aCSIS-Main Project
502 _bCSIS
_c2015-2017
_dINT
_eDr Sabu M Thampi
650 _aBLOCKCHAIN
_912306
650 _aETHEREUM
_912307
650 _aSMART VEHICLE
_912308
942 _2ddc
_cPR
999 _c5731
_d5731